[Event "Buryatia-ch"]
[Site "Ulan-Ude"]
[Date "2006.12.06"]
[Round "7"]
[White "Sultanov, Ruslan"]
[Black "Sysoev, Alexandr"]
[Result "1-0"]
[WhiteElo "1765"]
[BlackElo "2129"]
[PlyCount "103"]
[EventDate "2006.12.02"]
[EventType "swiss"]
[EventRounds "9"]
[EventCountry "RUS"]
[SourceTitle "EXT 2008"]
[Source "ChessBase"]
[SourceDate "2007.11.25"]
[SourceVersion "1"]
[SourceVersionDate "2007.11.25"]
[SourceQuality "1"]

1. e4 e5 2. Nf3 Nf6 3. Nxe5 d6 4. Nf3 Nxe4 5. Nc3 Nxc3 6. dxc3 Be7 7. Be3 Nc6 8. Qd2 Bg4 9. Be2 Qd7 10. h3 Be6 11. Bb5 a6 12. Be2 Bf6 13. Ng5 Bxg5 14. Bxg5 f6 15. Be3 Ne5 16. Qd4 Qc6 17. 0-0-0 0-0 18. b3 Rab8 19. f4 Qxg2 20. fxe5 Qxe2 21. exd6 cxd6 22. Rhe1 Qf3 23. Qxd6 Bxh3 24. Bd4 Rbe8 25. Rg1 Be6 26. Qg3 Qxg3 27. Rxg3 g6 28. Rf1 Kg7 29. Rgf3 Bf5 30. Kd2 Rb8 31. c4 Rfd8 32. Kc3 b5 33. c5 a5 34. a3 b4+ 35. axb4 Rxb4 36. Rf4 Rc8 37. Be3 Rxf4 38. Rxf4 h5 39. Ra4 Ra8 40. b4 Bd7 41. Rxa5 Rxa5 42. bxa5 g5 43. Kd4 Bc6 44. a6 Kg6 45. a7 h4 46. c4 f5 47. Ke5 g4 48. Bf4 Kf7 49. Kd6 Ba8 50. c6 Ke8 51. c7 Bb7 52. a8Q+ 1-0

[Event "Buryatia-ch"]
[Site "Ulan-Ude"]
[Date "2006.12.04"]
[Round "3"]
[White "Badmatsyrenov, Oleg"]
[Black "Sysoev, Alexandr"]
[Result "0-1"]
[WhiteElo "2220"]
[BlackElo "2129"]
[PlyCount "76"]
[EventDate "2006.12.02"]
[EventType "swiss"]
[EventRounds "9"]
[EventCountry "RUS"]
[SourceTitle "EXT 2008"]
[Source "ChessBase"]
[SourceDate "2007.11.25"]
[SourceVersion "1"]
[SourceVersionDate "2007.11.25"]
[SourceQuality "1"]

1. e4 e5 2. f4 exf4 3. Bc4 h6 4. d4 d6 5. Bxf4 Qh4+ 6. g3 Qe7 7. Nc3 Nf6 8. Qe2 Bg4 9. Nf3 g5 10. e5 gxf4 11. exf6 Qxe2+ 12. Kxe2 Nd7 13. Nd5 0-0-0 14. Nxf4 Nxf6 15. Bxf7 Rh7 16. Bg6 Rg7 17. h3 Bd7 18. Kf2 Nd5 19. Nxd5 Rxg6 20. Nf4 Rf6 21. Rae1 Re8 22. d5 c6 23. c4 Be7 24. Nd4 Rxf4+ 25. gxf4 Bh4+ 26. Kf3 Rxe1 27. Rh2 Bf6 28. Ne2 Bxb2 29. Rg2 Bxh3 30. Rh2 Bf1 31. Ng3 Bd4 32. Rxh6 Bxc4 33. dxc6 bxc6 34. Rxd6 Bd5+ 35. Kg4 Rg1 36. Kh3 Kc7 37. Nf5 Bf2 38. Rf6 Bf3 0-1